00422nam a22001457a 4500008004100000020001800041050002000059100002700079245006700106260003600173300001600209521002000225650001300245700001800258170210b xxu||||| |||| 00| 0 eng d a9780375427787 aQC 32 .L43 2010 aLeduc, Steven A.d2010 aCracking the AP physics B exam/cSteven A. Leduc, John Miller. aNew york:bRandom house,c2010. axix, 525p.: aIncludes index. aPhysics. aMiller, John.